El sentir y el pensar en el mundo clásico
-д хадгалсан:
| Үндсэн зохиолчид: | , , |
|---|---|
| Формат: | Ном |
| Хэл сонгох: | испани |
| Хэвлэсэн: |
Santiago
Universidad Metropolitana de Ciencias de la Educación
2000
|
| Цуврал: | Iter Encuentros
|
| Нөхцлүүд: | |
| Шошгууд: |
Шошго нэмэх
Шошго байхгүй, Энэхүү баримтыг шошголох эхний хүн болох!
|
MARC
| LEADER | 00000nam a2200000 a 4500 | ||
|---|---|---|---|
| 001 | UCN6924 | ||
| 003 | CL-VaPUC | ||
| 005 | 20240401160136.0 | ||
| 008 | 011005e20000000cl 1 spa d | ||
| 020 | |a 9567062020 | ||
| 082 | 0 | 4 | |a 180 |b GRA |2 21 |
| 100 | |a Grammatico Amari, Giuseppina |e autora |9 746748 | ||
| 700 | 1 | |a Arbea, Antonio |e author |9 620003 | |
| 700 | 1 | |a Ponce de León, Ximena |e author |9 620004 | |
| 245 | 1 | 3 | |a El sentir y el pensar en el mundo clásico |
| 260 | |a Santiago |b Universidad Metropolitana de Ciencias de la Educación |c 2000 | ||
| 300 | |a 265 p | ||
| 490 | 0 | |a Iter Encuentros | |
| 583 | |a last modification |c 20190821 11:53:01 |k Rodrigo Vera | ||
| 650 | 0 | 0 | |a Filosofía antigua |9 255705 |
| 650 | 0 | 0 | |a Filosofía griega |9 265579 |
| 650 | 0 | 0 | |a Filosofía romana |9 344946 |
| 650 | 0 | 0 | |a Filosofía presocrática |9 345540 |
| 650 | 0 | 0 | |a Filosofía platónica |9 269135 |
| 650 | 0 | 0 | |a Helenismo |9 267485 |
| 942 | |c BK | ||
| 945 | |a crobeson |d 20011005 00:00:00 | ||
| 546 | |a En Español | ||
| 536 | |a Universidad Metropolitana de Ciencias de la Educación | ||
| 518 | |p El Sentir y el Pensar en el Mundo Clásico, 4, Santiago, 26 al 30 de septiembre de 1994 | ||
| 999 | |c 383707 |d 383705 | ||
| 952 | |0 0 |1 0 |4 0 |6 180_000000000000000_GRA_2000 |7 0 |8 A |9 505927 |a BIBGIM |b BIBGIM |d 2020-01-23 |i 3742016 |o 180 GRA 2000 |p 3742016 |r 2025-01-15 |w 2020-01-23 |y BK |k GIM | ||
| 952 | |0 0 |1 0 |4 0 |6 180_000000000000000_GRA_2000 |7 0 |8 A |9 505928 |a BIBDER |b BIBDER |d 2020-01-23 |i 3764087 |o 180 GRA 2000 |p 3764087 |r 2023-01-25 |w 2020-01-23 |y BK |k DER | ||
| 952 | |0 0 |1 0 |4 0 |6 180_000000000000000_GRA_2000 |7 0 |8 A |9 505929 |a BIBHIS |b BIBHIS |d 2020-01-23 |i 3887901 |o 180 GRA 2000 |p 3887901 |r 2025-01-20 |w 2020-01-23 |y BK |k HIS | ||
| 952 | |0 0 |1 0 |4 0 |6 180_000000000000000_GRA_2000 |7 0 |8 A |9 505930 |a BIBEDU |b BIBEDU |d 2020-01-23 |i 4140699 |o 180 GRA 2000 |p 4140699 |r 2020-01-23 |w 2020-01-23 |y BK |k FIL | ||